القيم الأخلاقية والسلوكية فى العراق القديم

Saved in:

Main Author: Ahmed Amin Selim.

Format: Book

Language: Undetermined

Published: Al-Qāhirah : Dār al-ʻnahdat alarabia, 1984.

Tags: Add Tag

No Tags, Be the first to tag this record!

Call Number: HQ506 .S24

LEADER 00395nam a2200121Ia 4500
008 240329s9999||||xx |||||||||||||| ||und||
050 4 |a HQ506 .S24 
100 1 |a Ahmed Amin Selim. 
245 1 0 |a القيم الأخلاقية والسلوكية فى العراق القديم  |c Ahmed Amin Selim 
264 1 |a Al-Qāhirah :  |b Dār al-ʻnahdat alarabia,  |c 1984. 
300 |a 56  |c 24 
942 |2 lcc  |c BK 
999 |c 57819  |d 57819